Charting by exception : a cost-effective, quality approach /

Bibliographic Details
Main Author: Burke, Laura J.
Corporate Author: Aurora Health Care
Other Authors: Murphy, Judy
Format: Book
Language:English
Published: New York : Media, Pa. : J. Wiley ; Harwal Pub. Co., [1988]
Series:Wiley medical publication.
Subjects:

MARC

Tag First Indicator Second Indicator Subfields
LEADER 00000cam a2200000 a 4500
001 in00000027063
005 20151007055855.0
008 871215s1988 nyua 00110 eng
010 |a  87037115  
020 |a 0471634883 (pbk.) 
035 |a (OCoLC)17300369 
035 |9 AAB9510AM 
040 |a DLC  |c DLC  |d VET  |d TXA  |d UtOrBLW 
049 |a TXAM  |c [A11488438] 
050 0 0 |a RT50  |b .B87 1988 
082 0 |a 651.5/04261  |2 19 
100 1 |a Burke, Laura J. 
245 1 0 |a Charting by exception :  |b a cost-effective, quality approach /  |c Laura J. Burke, Judy Murphy ; sponsored by Aurora Health Care, Milwaukee, Wisconsin ; [foreword by Lynda Juall Carpenito]. 
264 1 |a New York :  |b J. Wiley ;  |a Media, Pa. :  |b Harwal Pub. Co.,  |c [1988] 
264 4 |c ©1988 
300 |a xvii, 236 pages :  |b illustrations ;  |c 28 cm. 
336 |a text  |b txt  |2 rdacontent 
337 |a unmediated  |b n  |2 rdamedia 
338 |a volume  |b nc  |2 rdacarrier 
490 1 |a Wiley medical publication 
500 |a Includes index. 
650 0 |a Nursing records. 
650 0 |a Nursing care plans. 
650 0 |a Nursing  |x Cost effectiveness. 
650 0 |a Nursing  |x Quality control. 
700 1 |a Murphy, Judy. 
710 2 |a Aurora Health Care. 
830 0 |a Wiley medical publication. 
999 |a MARS 
999 f f |s e9d6e678-ef17-3356-9316-e1dd7989f692  |i ad81eed2-6513-3a68-bd57-712fb700d8de  |t 0 
952 f f |p ric  |a Texas A&M University  |b Rellis Campus  |c Joint Library Facility  |d Remote Storage  |t 0  |e RT50 .B87 1988  |h Library of Congress classification  |i unmediated -- volume  |m A14811488438 
998 f f |a RT50 .B87 1988  |t 0  |l Remote Storage